000 00770nam a2200145Ia 4500
008 100204s9999 xx 000 0 und d
082 _b1245
100 _aवरेरकर भार्गवराम विठ्ठल
245 _a"नवा जमाना , ती कां गेली , एक पोरगी तीन आत्महत्या"
260 _b"पॉप्युलर प्रकाशन , मुंबई"
_c1962
300 _a82
630 _a"नवा जमाना , ती कां गेली , एक पोरगी तीन आत्महत्या"
730 _a"नवा जमाना , ती कां गेली , एक पोरगी तीन आत्महत्या"
942 _cBOOK
999 _c446412
_d446409